000 00840nam a2200277 i 4500
001 C2-0225660
003 PPAK
005 20180728153758.0
008 000607s1998 ilua|||| ||||| | eng d
020 _a0880117370
040 _aPPAK
_beng
_cPPAK
_erda
082 0 4 _a796.6
_223
090 0 0 _a796.6
_bFRI
_dR
100 1 _aFriel, Joe,
_eauthor
245 1 0 _aCycling past 50
264 1 _aChampaign, Illinois :
_bHuman Kinetic ,
_c1998
300 _aviii, 253 pages :
_billustrations ;
_c23 cm
336 _2rdacontent
_atext
337 _2rdamedia
_aunmediated
338 _2rdacarrier
_avolume
490 1 _aAgeless athletes series
500 _aIncludes bibliographical references and index
650 1 0 _aCycling ; Cycling - Training ; Middle aged persons - Recreation
830 0 _aAgeless athletes series
942 _ddc
_cB
999 _c146280
_d146280